Deux siècles d'histoire hospitalière de Henri IV à Louis-Philippe (1602-1836) Paris d'autrefois, ses vieux hôpitaux. (Record no. 38957)

MARC details
000 -LEADER
fixed length control field 00696cam a22002171 4500
001 - CONTROL NUMBER
control field med48001011
003 - CONTROL NUMBER IDENTIFIER
control field DLC
005 - DATE AND TIME OF LATEST TRANSACTION
control field 20260227111610.0
008 - FIXED-LENGTH DATA ELEMENTS--GENERAL INFORMATION
fixed length control field 841102s1947 fr a b 000 0 fre c
010 ## - LIBRARY OF CONGRESS CONTROL NUMBER
LC control number med48001011
035 ## - SYSTEM CONTROL NUMBER
System control number (OCoLC)11343047
040 ## - CATALOGING SOURCE
Original cataloging agency U.S. Army Medical Libr.
Transcribing agency WU-M
Modifying agency WU-M
-- DLC
042 ## - AUTHENTICATION CODE
Authentication code premarc
050 00 - LIBRARY OF CONGRESS CALL NUMBER
Classification number RA989.F7
Item number V3
100 2# - MAIN ENTRY--PERSONAL NAME
Personal name Vallery-Radot, Pierre,
Dates associated with a name 1889-
245 10 - TITLE STATEMENT
Title Deux siècles d'histoire hospitalière de Henri IV à Louis-Philippe (1602-1836) Paris d'autrefois, ses vieux hôpitaux.
260 ## - PUBLICATION, DISTRIBUTION, ETC.
Place of publication, distribution, etc. [Paris]
Name of publisher, distributor, etc. Dupont
Date of publication, distribution, etc. [c1947]
300 ## - PHYSICAL DESCRIPTION
Extent 261 p.
Other physical details illus.
Dimensions 29 cm.
504 ## - BIBLIOGRAPHY, ETC. NOTE
Bibliography, etc. note Bibliography: p. 247-251.
650 #0 - SUBJECT ADDED ENTRY--TOPICAL TERM
Topical term or geographic name entry element Hospitals
Geographic subdivision France
-- Paris.

No items available.

Powered by Koha